Kashamīra te Kullū. (Record no. 73749)

MARC details
000 -LEADER
fixed length control field 00597cam a22002291 4500
001 - CONTROL NUMBER
control field sa 67003264
003 - CONTROL NUMBER IDENTIFIER
control field DLC
005 - DATE AND TIME OF LATEST TRANSACTION
control field 20260227112337.0
008 - FIXED-LENGTH DATA ELEMENTS--GENERAL INFORMATION
fixed length control field 940805s1962 ii 000 0 pano
010 ## - LIBRARY OF CONGRESS CONTROL NUMBER
LC control number sa 67003264
025 ## - OVERSEAS ACQUISITION NUMBER
Overseas acquisition number PL480:I-Pu-843
035 ## - SYSTEM CONTROL NUMBER
System control number (OCoLC)30890849
040 ## - CATALOGING SOURCE
Original cataloging agency DLC
Transcribing agency CU
Modifying agency CU
-- DLC
050 00 - LIBRARY OF CONGRESS CALL NUMBER
Classification number DS485.K2
Item number S546
100 1# - MAIN ENTRY--PERSONAL NAME
Personal name Singh, Ram.
245 10 - TITLE STATEMENT
Title Kashamīra te Kullū.
260 ## - PUBLICATION, DISTRIBUTION, ETC.
Date of publication, distribution, etc. [1962]
300 ## - PHYSICAL DESCRIPTION
Extent 159 p.
Dimensions 18 cm.
500 ## - GENERAL NOTE
General note In Panjabi.
651 #0 - SUBJECT ADDED ENTRY--GEOGRAPHIC NAME
Geographic name Jammu and Kashmir (India)
General subdivision Description and travel.
651 #0 - SUBJECT ADDED ENTRY--GEOGRAPHIC NAME
Geographic name Punjab
General subdivision Description and travel.

No items available.

Powered by Koha